| 000 | 00516nam a22001457a 4500 | ||
|---|---|---|---|
| 090 | _c | ||
| 008 | 090201t xxu||||| |||| 00| 0 eng d | ||
| 020 | _a 019929657X (hbk.) | ||
| 082 |
_222 _a332.66 _bMOR |
||
| 245 |
_aInvestment banking : _binstitutions, politics, and law / _cAlan D.Morrison; William J Wilhelm |
||
| 260 |
_aOxford ; New York : _bOxford University Press, _c2007 |
||
| 300 |
_aix, 341 p. : _b ill. ; _c24 cm. |
||
| 504 | _aIncudes bibliographical references (p.311-332) and index | ||
| 942 |
_2ddc _cBB |
||
| 999 |
_c10540 _d10540 |
||